[Event "IND-ch 59th"]
[Site "New Delhi"]
[Date "2022.12.27"]
[Round "6"]
[White "Barbith, M Sangma1"]
[Black "Gurung, Rohit"]
[Result "1/2-1/2"]
[WhiteElo "1664"]
[BlackElo "1948"]
[PlyCount "210"]
[EventDate "2022.12.22"]
[EventType "swiss"]
[EventRounds "13"]
[EventCountry "IND"]
[SourceTitle "CBM 211 Extra"]
[Source "ChessBase"]
[SourceDate "2023.01.31"]
[SourceVersion "1"]
[SourceVersionDate "2023.01.31"]
[SourceQuality "1"]

1. e4 d5 2. exd5 Nf6 3. d4 Nxd5 4. c4 Nb6 5. Nc3 e5 6. d5 Bc5 7. Nf3 Bg4 8. Be2 Bxf3 9. Bxf3 0-0 10. Qe2 f5 11. g3 N8d7 12. 0-0 e4 13. Bg2 Ne5 14. b3 Bd4 15. Bd2 Qf6 16. Rad1 a6 17. Kh1 Rae8 18. Bg5 Qxg5 19. Rxd4 Nbd7 20. Nd1 Qf6 21. Rd2 g5 22. f4 exf3 23. Bxf3 Nxf3 24. Qxf3 Ne5 25. Qc3 Qg6 26. Ne3 Ng4 27. Nxg4 fxg4 28. Rxf8+ Rxf8 29. Qd3 Qxd3 30. Rxd3 Rf2 31. a3 h5 32. Re3 Kf7 33. Re5 Kf6 34. Re6+ Kf7 35. Re5 h4 36. Kg1 hxg3 37. hxg3 Rf3 38. Kg2 Kf6 39. Re6+ Kf7 40. Re5 Rxb3 41. Rxg5 Rxa3 42. Rxg4 a5 43. Rh4 Kg7 44. Re4 Kf7 45. Rh4 Kg6 46. Rh8 Ra2+ 47. Kh3 Ra1 48. Rb8 Rc1 49. Rc8 a4 50. Kg2 a3 51. Ra8 Rc2+ 52. Kf3 a2 53. Ke3 Kf5 54. Kd3 Rg2 55. Kd4 b6 56. c5 bxc5+ 57. Kxc5 Ke4 58. Kc4 Ke5 59. Re8+ Kd6 60. Re6+ Kd7 61. Ra6 Kc8 62. Ra3 Kb7 63. Kb3 Kb6 64. Kc4 Rb2 65. g4 Rg2 66. g5 Rg4+ 67. Kb3 Rxg5 68. Rxa2 Rxd5 69. Kc4 Rc5+ 70. Kd4 Rh5 71. Rc2 c5+ 72. Kc4 Rh4+ 73. Kc3 Kc6 74. Rg2 Rf4 75. Rh2 Ra4 76. Rg2 Rb4 77. Rg8 Rb7 78. Kc4 Rb4+ 79. Kc3 Rh4 80. Rb8 Rh1 81. Rc8+ Kb6 82. Rb8+ Kc7 83. Rg8 Rc1+ 84. Kd2 Ra1 85. Rg6 Ra3 86. Kc2 Rh3 87. Rf6 Kb7 88. Rg6 Rh7 89. Kc3 Rc7 90. Kc4 Rc6 91. Rxc6 Kxc6 92. Kc3 Kd5 93. Kd3 c4+ 94. Kc3 Kc5 95. Kc2 Kb4 96. Kb2 c3+ 97. Kc2 Kc4 98. Kc1 Kc5 99. Kd1 Kb4 100. Kc2 Kc4 101. Kc1 Kd4 102. Kc2 Kc4 103. Kc1 Kb3 104. Kb1 c2+ 105. Kc1 Kc3 1/2-1/2

[Event "IND-ch 57th"]
[Site "Majitar"]
[Date "2019.12.10"]
[Round "1"]
[White "Kunte, Abhijit"]
[Black "Gurung, Rohit"]
[Result "1-0"]
[WhiteElo "2467"]
[BlackElo "1917"]
[PlyCount "53"]
[EventDate "2019.12.10"]
[EventType "swiss"]
[EventRounds "11"]
[EventCountry "IND"]
[SourceTitle "CBM 193 Extra"]
[Source "ChessBase"]
[SourceDate "2020.01.31"]
[SourceVersion "1"]
[SourceVersionDate "2020.01.31"]
[SourceQuality "1"]

1. d4 d5 2. c4 e6 3. Nf3 Nf6 4. g3 Be7 5. Bg2 0-0 6. 0-0 dxc4 7. Qc2 b5 8. a4 b4 9. Nbd2 c6 10. Nxc4 Ba6 11. Rd1 Nd5 12. e4 Nb6 13. Na5 Qc8 14. Be3 Rd8 15. Nd2 Be2 16. Rdc1 Qa6 17. Ndc4 Nxc4 18. Nxc4 Bh5 19. Bf1 Rc8 20. Nd6 Qxf1+ 21. Rxf1 Bxd6 22. Kg2 Nd7 23. a5 Bg6 24. f3 f5 25. e5 Be7 26. Qc4 Nf8 27. Qa6 1-0

[Event "India Cities-ch 19th"]
[Site "Khalpara"]
[Date "2018.08.04"]
[Round "6.3"]
[White "Love, Jindal"]
[Black "Gurung, Rohit"]
[Result "0-1"]
[WhiteElo "1661"]
[BlackElo "1874"]
[PlyCount "74"]
[EventDate "2018.08.01"]
[EventType "team-swiss"]
[EventRounds "7"]
[EventCountry "IND"]
[SourceTitle "CBM 186 Extra"]
[Source "ChessBase"]
[SourceDate "2018.08.24"]
[SourceVersion "1"]
[SourceVersionDate "2018.08.24"]
[SourceQuality "1"]
[WhiteTeam "Bathinda"]
[BlackTeam "Gangtok"]
[WhiteTeamCountry "IND"]
[BlackTeamCountry "IND"]

1. d4 d5 2. c4 e6 3. Nc3 Nf6 4. cxd5 exd5 5. Bg5 Nbd7 6. e3 Be7 7. Bd3 0-0 8. Nge2 c6 9. Qc2 Re8 10. f3 h6 11. Bh4 c5 12. 0-0 a6 13. Kh1 b5 14. b3 c4 15. bxc4 dxc4 16. Bf5 Nb6 17. Bxc8 Rxc8 18. e4 Qd7 19. a3 a5 20. Bxf6 gxf6 21. Qd2 Bf8 22. Nf4 b4 23. Ncd5 Nxd5 24. Nxd5 Qd6 25. Rab1 c3 26. Qc2 Rb8 27. axb4 axb4 28. Rb3 f5 29. Ne3 Qxd4 30. Nxf5 Qd2 31. Qxd2 cxd2 32. Rd1 Rec8 33. Kg1 Rc1 34. Rb1 Rxd1+ 35. Rxd1 b3 36. Rb1 b2 37. Kf1 Rc8 0-1

[Event "India Cities-ch 19th"]
[Site "Khalpara"]
[Date "2018.08.03"]
[Round "5.3"]
[White "Gurung, Rohit"]
[Black "Chaitanya, V."]
[Result "1-0"]
[WhiteElo "1874"]
[BlackElo "1734"]
[PlyCount "61"]
[EventDate "2018.08.01"]
[EventType "team-swiss"]
[EventRounds "7"]
[EventCountry "IND"]
[SourceTitle "CBM 186 Extra"]
[Source "ChessBase"]
[SourceDate "2018.08.24"]
[SourceVersion "1"]
[SourceVersionDate "2018.08.24"]
[SourceQuality "1"]
[WhiteTeam "Gangtok"]
[BlackTeam "Hyderabad"]
[WhiteTeamCountry "IND"]
[BlackTeamCountry "IND"]

1. e4 e5 2. Nf3 Nc6 3. Nc3 Nf6 4. d4 exd4 5. Nxd4 Bb4 6. Nxc6 bxc6 7. Bd3 0-0 8. 0-0 h6 9. e5 Bxc3 10. bxc3 Nh7 11. Qg4 d5 12. Qg3 Kh8 13. Ba3 Re8 14. f4 a5 15. Rae1 Ba6 16. Bxa6 Rxa6 17. Bc5 Qd7 18. Qd3 Raa8 19. f5 Rad8 20. h4 Nf8 21. Qe3 Nh7 22. Qf4 d4 23. cxd4 Qd5 24. a3 Rb8 25. Rf2 Nf6 26. Re3 Nd7 27. f6 Nxc5 28. fxg7+ Kh7 29. dxc5 Rb5 30. e6 Qxc5 31. exf7 1-0

[Event "Bhubaneswar op 11th"]
[Site "Bhubaneswar"]
[Date "2018.05.25"]
[Round "1"]
[White "Gurung, Rohit"]
[Black "Deviatkin, Andrei"]
[Result "0-1"]
[WhiteElo "1867"]
[BlackElo "2467"]
[PlyCount "58"]
[EventDate "2018.05.25"]
[EventType "swiss"]
[EventRounds "10"]
[EventCountry "IND"]
[SourceTitle "CBM 184 Extra"]
[Source "ChessBase"]
[SourceDate "2018.06.28"]
[SourceVersion "1"]
[SourceVersionDate "2018.06.28"]
[SourceQuality "1"]

1. e4 c6 2. d4 d5 3. exd5 cxd5 4. Bd3 Nc6 5. c3 Nf6 6. Bf4 Bg4 7. Qb3 Qc8 8. Nd2 e6 9. Ngf3 Be7 10. 0-0 Bh5 11. Rae1 0-0 12. Ne5 Nxe5 13. Bxe5 Bg6 14. Bxg6 hxg6 15. Qd1 b5 16. Re3 b4 17. cxb4 Bxb4 18. Bxf6 gxf6 19. Nb3 Kg7 20. h4 Rh8 21. Rh3 Qc7 22. h5 Rxh5 23. Rxh5 gxh5 24. f4 Rh8 25. Qf3 Qc2 26. Rc1 Qe4 27. Qf2 Bd6 28. Rf1 Rc8 29. Nc5 Qxd4 0-1

[Event "IND-ch Challengers 53rd"]
[Site "Nagpur"]
[Date "2015.08.20"]
[Round "5"]
[White "Gurung, Rohit"]
[Black "Shyam, Nikil P"]
[Result "0-1"]
[WhiteElo "1746"]
[BlackElo "2420"]
[PlyCount "96"]
[EventDate "2015.08.17"]
[EventType "swiss"]
[EventRounds "13"]
[EventCountry "IND"]
[SourceTitle "EXT 2016"]
[Source "ChessBase"]
[SourceDate "2015.10.08"]
[SourceVersion "1"]
[SourceVersionDate "2015.10.08"]
[SourceQuality "1"]

1. e4 c5 2. c3 Nf6 3. e5 Nd5 4. d4 cxd4 5. cxd4 e6 6. Nf3 d6 7. Bc4 Nb6 8. Bd3 dxe5 9. Nxe5 Nc6 10. Bb5 Bd7 11. Nxd7 Qxd7 12. 0-0 a6 13. Bxc6 Qxc6 14. Nc3 Be7 15. Qg4 Bf6 16. Rd1 h5 17. Qe4 Qxe4 18. Nxe4 Be7 19. Bf4 Nd5 20. Bd6 Rd8 21. Bxe7 Kxe7 22. Rac1 Rd7 23. Rd2 Rhd8 24. Rcd1 Rc7 25. g3 Rdc8 26. Kf1 f6 27. Re1 b6 28. Rde2 Rc1 29. f4 Rxe1+ 30. Kxe1 Rc4 31. Rd2 Ne3 32. b3 Rxd4 33. Rxd4 Nc2+ 34. Kd2 Nxd4 35. Ke3 Nb5 36. h3 Nd6 37. Nc3 Nf5+ 38. Kf3 Kd6 39. g4 hxg4+ 40. hxg4 Ne7 41. Ke4 g6 42. a3 Nd5 43. Ne2 f5+ 44. gxf5 gxf5+ 45. Kd4 Nxf4 46. Nxf4 e5+ 47. Ke3 exf4+ 48. Kxf4 Ke6 0-1